Green Day Lyrics - Song of the Century - Statistics

General Stats
  • This quiz has been taken 34 times
  • The average score is 31 of 64
Answer Stats
Song of the Century % Correct
century
100%
of
100%
song
100%
the
100%
the
100%
Sing
96%
us
96%
and
64%
and
56%
eternity
56%
louder
56%
than
56%
the
56%
a
52%
bombs
52%
contraband
52%
into
52%
land
52%
Leading
52%
promised
52%
Tell
52%
The
52%
us
52%
us
52%
era
48%
of
48%
static
48%
story
48%
That's
48%
a
44%
and
44%
by
44%
candlelight
44%
that's
44%
the
44%
a
40%
fight
40%
losin'
40%
of
40%
playing
40%
song
40%
the
40%
They're
40%
war
40%
a
36%
a
36%
and
36%
century
36%
song
36%
Waging
36%
and
32%
for
32%
goodnight
32%
into
32%
me
32%
me
32%
Panic
32%
Sing
32%
story
32%
Tell
32%
that
32%
us
32%
promise
28%
prosperity
28%
No matching quizzes found
Score Distribution
Percent of People with Each Score
Percentile by Number Answered
Your Score History
You have not taken this quiz